Estadística básica del sistema educativo nacional : inicio de cursos, 1997-1998 : tomo 2.

Guardado en:
Detalles Bibliográficos
Autor corporativo: México. Presidencia de la República Secretaría de Educación Pública
Formato: Libro
Idioma:Español
Temas:
Etiquetas: Agrega una etiqueta
Sin etiquetas, Sé el primero en etiquetar este registro!

MARC

LEADER 00000cam^a2200000uu^4500
001 000466999
005 20250521000000.0
008 050901s1998^^^^^^^^^^^^rc^r^^000^0^spa^d
009 20260310124435.698
022 |a 9701820355 
035 |a FCE 000009640 
035 |a FCE 027266 
037 |a Acervo ITESO - Biblioteca 
041 |a spa 
082 0 4 |a 370.0212  |b SEP-MEX I.97-98 T.2 
110 |a México. Presidencia de la República  |b Secretaría de Educación Pública 
245 1 0 |a Estadística básica del sistema educativo nacional :  |b inicio de cursos, 1997-1998 : tomo 2. 
264 |a México :  |b SEP,  |c 1998. 
300 |a 675 p. 
336 |a texto  |b txt  |2 rdacontenido 
337 |a sin mediación  |b n  |2 rdamedio 
338 |a volumen  |b nc  |2 rdasoporte 
649 |a XX 
650 |a Educación superior 
650 |a Estadísticas educativas 
650 |a Educación media superior 
650 |a Educación tecnológica 
650 |a Educación inicial 
650 |a Educación normal 
910 |a Fondo Centro de Estudios Educativos 
920 |a Impresos - Libros 
930 |a Fondos Especiales 
905 |a 133 
901 |a ALE027266  |b IT2  |c CEE  |u 20250521 
902 |a https://opac.biblio.iteso.mx/vufind/Record/000466999